| 000 | 01323cam a22003011i 4500 | ||
|---|---|---|---|
| 003 | SA-RiAUC | ||
| 005 | 20241119145250.0 | ||
| 008 | 241107s1991 iq g b f00000 ara c | ||
| 040 |
_aSA-RiAUC _bara _cSA-RiAUC _erda |
||
| 050 | 1 | 0 | _b. B3754 B37 1991 |
| 082 | 0 | 4 |
_a415.1 _qSA-RiAUC |
| 090 |
_a415.1 _bع ل ي |
||
| 100 | 0 |
_aعلي بن حمزة البصري، _dتوفي 375 هجري _eمؤلف. |
|
| 245 | 1 | 0 |
_aبقية التنبيهات على أغلاط الرواة / _cعلي بن حمزة البصري ؛ حققه ودرسه خليل إبراهيم العطية. |
| 250 | _aالطبعة الأولى. | ||
| 264 | 1 |
_aبغداد : _bوزارة الثقافة والإعلام، دار الشؤون الثقافية العامة، _c1991 |
|
| 300 |
_a222 صفحة ؛ _c24 سم. |
||
| 336 |
_aنص _btxt _2rdacontent _3كتاب |
||
| 337 |
_aبدون وسيط _bn _2rdamedia |
||
| 338 |
_aمجلد _bnc _2rdacarrier |
||
| 490 | 0 | _aسلسلة خزانة التراث | |
| 504 | _aببليوجرافية : صفحة 215-221. | ||
| 504 | _aيشتمل على إرجاعات ببليوجرافية. | ||
| 650 | 7 |
_aاللغة العربية _xنحو _2aucsh |
|
| 700 | 1 |
_aالعطية، خليل إبراهيم، _d1936-1998 _eمحقق. |
|
| 942 |
_2ddc _cBOOK _n0 |
||
| 949 |
_aSA-JeALM _d241107 _umohamedma123 _n1 |
||
| 999 |
_c2551 _d2551 |
||